[Event "3rd St Nikolay GM"]
[Site "Mionica SCG"]
[Date "2006.07.18"]
[Round "8"]
[White "Savic,Miod1"]
[Black "Lajthajm,B"]
[Result "0-1"]
[WhiteElo "2518"]
[BlackElo "2507"]

1.e4 d5 2.exd5 Qxd5 3.Nc3 Qd6 4.d4 Nf6 5.Nf3 a6 6.Be2 Nc6 7.h3 Bf5 8.Be3 e6
9.O-O h6 10.a3 g5 11.Bd3 Bg7 12.Re1 O-O 13.Qd2 Rfe8 14.Rad1 Rad8 15.g4 Bxd3
16.Qxd3 Ne7 17.Ne4 Qc6 18.Nxf6+ Bxf6 19.Qe2 Ng6 20.c3 b5 21.Bc1 Qd5 22.Qe4 Qxe4
23.Rxe4 c5 24.Ree1 cxd4 25.Nxd4 Nh4 26.Kf1 Bxd4 27.Rxd4 Nf3 28.Rxd8 Rxd8
29.Re3 Rd1+ 30.Ke2 Rxc1 31.Kxf3 Rh1 32.Kg2 Rd1 33.Re2 Kf8 34.Rc2 Rb1 35.Re2 Ke7
36.Kf3 Kd6 37.Ke4 Rh1 38.Re3 Rb1 39.Re2 f6 40.Kd4 f5 41.Kd3 Rh1 42.Re3 f4  0-1

[Event "6th Open"]
[Site "Saint Chely d'Aubrac FRA"]
[Date "2006.07.18"]
[Round "5"]
[White "Boudre,JP"]
[Black "Labarthe,A"]
[Result "1-0"]
[WhiteElo "2315"]
[BlackElo "2044"]

1.e4 d5 2.exd5 Qxd5 3.Nc3 Qd8 4.Bc4 Nf6 5.Nf3 c6 6.d4 Bf5 7.Ne5 e6 8.O-O Nbd7
9.f4 Bb4 10.Ne2 Nxe5 11.fxe5 Nd5 12.c3 Be7 13.a4 Bg5 14.Bxd5 cxd5 15.Bxg5 Qxg5
16.Nf4 O-O 17.Qb3 Be4 18.Rf2 Qe7 19.Re1 Rac8 20.Qd1 Qd7 21.Re3 Kh8 22.h4 b5
23.axb5 Qxb5 24.h5 Qd7 25.h6 g6 26.Qg4 Qe7 27.Nh5 Bf5 28.Qg3 a5 29.Nf6 a4
30.Nxd5 exd5 31.Rxf5 a3 32.bxa3 Rb8 33.Rf1 Rb3 34.Qf3 Rxa3 35.e6 f5 36.Qxd5 Ra7
37.Qe5+ Kg8 38.d5 Ra5 39.c4 f4 40.Qg7+ Qxg7 41.hxg7 Kxg7 42.e7  1-0

[Event "XI Open"]
[Site "Balaguer ESP"]
[Date "2006.07.20"]
[Round "4"]
[White "Guliev,L"]
[Black "Martinez Lopez,I"]
[Result "1-0"]
[WhiteElo "2417"]
[BlackElo "2207"]

1.e4 d5 2.exd5 Qxd5 3.Nc3 Qd8 4.d4 Nf6 5.Nf3 c6 6.Bc4 Bf5 7.O-O e6 8.h3 Nbd7
9.Nh4 Bg6 10.Nxg6 hxg6 11.Re1 Be7 12.Ne4 Nxe4 13.Rxe4 Nf6 14.Re1 O-O 15.c3 Qd7
16.Qf3 Nd5 17.Bf4 Nxf4 18.Qxf4 Qd6 19.Qg4 Bf6 20.Rad1 Rfe8 21.h4 b5 22.Bb3 a5
23.Re3 a4 24.Bc2 c5 25.h5 gxh5 26.Qxh5 cxd4 27.Rh3 Kf8 28.cxd4 Qd5 29.Qe2 Rad8
30.Be4 Qd6 31.d5 b4 32.Bc2 Ra8 33.dxe6 Qxe6 34.Qxe6 fxe6 35.Rd7 g5 36.Rf3  1-0

[Event "Czech Open A"]
[Site "Pardubice CZE"]
[Date "2006.07.22"]
[Round "2"]
[White "Kanovsky,D"]
[Black "Hasangatin,R"]
[Result "1/2-1/2"]
[WhiteElo "2368"]
[BlackElo "2491"]

1.e4 d5 2.exd5 Qxd5 3.Nc3 Qd6 4.d4 c6 5.Nf3 Nf6 6.Bd3 Bg4 7.Ne4 Nxe4 8.Bxe4 Nd7
9.Bg5 h6 10.Be3 e5 11.Qd3 exd4 12.Qxd4 Nf6 13.Bd3 Bxf3 14.gxf3 Qxd4 15.Bxd4 Be7
16.O-O-O O-O 17.Rhe1 Rfe8 18.c3 Bd6  1/2-1/2

[Event "Summer Cup"]
[Site "Litohoro GRE"]
[Date "2006.07.23"]
[Round "2"]
[White "Mattsson,M"]
[Black "Tzermiadianos,And"]
[Result "0-1"]
[WhiteElo "2047"]
[BlackElo "2462"]

1.e4 d5 2.exd5 Qxd5 3.Nc3 Qd6 4.Nf3 Nf6 5.Bb5+ c6 6.Be2 Bf5 7.d4 Nbd7 8.O-O e6
9.g3 Qc7 10.Bf4 Bd6 11.Bxd6 Qxd6 12.Nh4 Bh3 13.Re1 O-O-O 14.Qd3 h5 15.f4 Nc5
16.Qc4 Qxd4+ 17.Qxd4 Rxd4 18.Nf3 Rd7 19.Ne5 Re7 20.Bf3 Kc7 21.Rad1 Bf5 22.Ne2 Bxc2
23.Rc1 Nd3 24.Nxd3 Bxd3 25.Nd4 Rd8 26.Nxc6 bxc6 27.Rxc6+ Kb8 28.Rc3 Ba6 29.Re5 g6
30.Ra5 Bb7 31.Rb3 Ka8  0-1

[Event "Czech Open A"]
[Site "Pardubice CZE"]
[Date "2006.07.23"]
[Round "3"]
[White "Solovjova,V"]
[Black "Mashinskaya,I"]
[Result "1/2-1/2"]
[WhiteElo "2265"]
[BlackElo "2386"]

1.e4 d5 2.exd5 Qxd5 3.Nc3 Qd6 4.d4 Nf6 5.Nf3 c6 6.h3 Bf5 7.Bd3 Bxd3 8.Qxd3 Nbd7
9.O-O e6 10.Ne2 Qc7 11.Bf4 Bd6 12.Bxd6 Qxd6 13.Qb3 O-O 14.Rad1 b5 15.Ng3 Qd5
16.Rfe1 Rfd8 17.Ne5 Nxe5 18.Rxe5 Qxb3 19.axb3 a5 20.Nh5 Nxh5 21.Rxh5 a4 22.bxa4 Rxa4
23.Rc5 Rd6 24.b3 Ra2 25.Kf1  1/2-1/2

[Event "Summer Cup"]
[Site "Litohoro GRE"]
[Date "2006.07.24"]
[Round "3"]
[White "Kokolias,K"]
[Black "Nikolaidis,I"]
[Result "0-1"]
[WhiteElo "2188"]
[BlackElo "2538"]

1.e4 d5 2.exd5 Qxd5 3.Nc3 Qd6 4.g3 Nf6 5.Bg2 Bg4 6.Nge2 Nc6 7.h3 Bf5 8.d3 e5
9.O-O O-O-O 10.Be3 Qd7 11.Kh2 h5 12.Ne4 h4 13.Nxf6 gxf6 14.g4 Be6 15.f4 f5
16.g5 Bg7 17.Nc3 Nd4 18.a4 f6 19.g6 Rh6 20.Nb5 Rxg6 21.Bxd4 exd4 22.Nxa7+ Kb8
23.Nb5 c6 24.Na3 Rg8 25.Rg1 Bh6 26.Qd2 Qg7 27.Qf2 Kc8 28.Kh1 Bxf4 29.Bf3 Rg3
30.Rxg3 Qxg3 31.Qg2 Bc7 32.Rg1 Qf4 33.Qe2 Rxg1+ 34.Kxg1 Qg3+ 35.Bg2 Kd7 36.Nc4 Bf4
37.Kf1 Be3 38.Qf3 f4 39.a5 Qxf3+ 40.Bxf3 Bxh3+ 41.Ke2 Be6 42.Nb6+ Kc7 43.c4 dxc3
44.bxc3 Bxb6  0-1

[Event "Czech Open A"]
[Site "Pardubice CZE"]
[Date "2006.07.24"]
[Round "4"]
[White "Mamedov,Rau"]
[Black "Ptacnikova,L"]
[Result "1-0"]
[WhiteElo "2561"]
[BlackElo "2193"]

1.e4 d5 2.exd5 Qxd5 3.Nc3 Qd6 4.d4 Nf6 5.Nf3 a6 6.Bd3 g6 7.O-O Bg7 8.Re1 O-O
9.Ne4 Nxe4 10.Bxe4 Nc6 11.c3 Bf5 12.Bxf5 gxf5 13.Nh4 e6 14.Qh5 f6 15.Re3 f4
16.Rf3 Ne5 17.Rh3 Nc6 18.g3 fxg3 19.Rxg3 Rf7 20.Bh6 Rd8 21.Kh1 Qd5+ 22.Qxd5 Rxd5
23.Rag1 Rdd7 24.d5 Nd8 25.dxe6 Nxe6 26.Nf5 Kf8 27.c4 c5 28.Re3 Bxh6 29.Nxh6 Ng7
30.Nxf7 Kxf7 31.Rh3 h5 32.Rf3 Ne6 33.Rf5 Rd2 34.Rxh5 Ng5 35.Kg2 Rxb2 36.Re1 b5
37.h4 Kg6 38.Rh8 Nf7 39.h5+ Kg7 40.Rc8 Ne5 41.cxb5 axb5 42.Rxc5 Kh6 43.Re3 Kxh5
44.Rg3 Rxa2 45.Rxb5 Ra4 46.Rb7 Rg4 47.f4 Nd3 48.Rh7+ Kg6 49.Rxg4+ Kxh7 50.Kf3 Kh6
51.Rg1 Kh5 52.Ke4  1-0

[Event "Czech Open A"]
[Site "Pardubice CZE"]
[Date "2006.07.24"]
[Round "4"]
[White "Larino Nieto,D"]
[Black "Hasangatin,R"]
[Result "1-0"]
[WhiteElo "2371"]
[BlackElo "2491"]

1.e4 d5 2.exd5 Qxd5 3.Nc3 Qd6 4.d4 c6 5.Nf3 Nf6 6.Ne5 Nbd7 7.Bf4 Nxe5 8.dxe5 Qxd1+
9.Rxd1 Nd7 10.Ne4 g6 11.e6 fxe6 12.Ng5 Nf6 13.Bc7 Bd7 14.Bc4 Nd5 15.Be5 Rg8
16.Nxh7 Bh6 17.h4 O-O-O 18.Ng5 Rdf8 19.Bd3 Bg7 20.Bxg7 Rxg7 21.g3 Kc7 22.O-O Bc8
23.Rfe1 Rf6 24.c3 Rg8 25.f4 Rh8 26.Nf3 Rg8 27.Re5 Rd8 28.Kf2 Nb6 29.Ke2 Na4
30.Rd2 b6 31.Rg5 Nc5 32.Bxg6 Ba6+ 33.Ke3  1-0

[Event "MTO Open"]
[Site "Biel SUI"]
[Date "2006.07.25"]
[Round "2"]
[White "Novikov,Ma"]
[Black "Welling,G"]
[Result "1-0"]
[WhiteElo "2546"]
[BlackElo "2373"]

1.e4 d5 2.exd5 Qxd5 3.Nc3 Qd6 4.d4 Nf6 5.Be2 a6 6.Bf3 Nc6 7.Nge2 e5 8.Bxc6+ Qxc6
9.dxe5 Ng4 10.O-O Bc5 11.Qd5 O-O 12.h3 Qxd5 13.Nxd5 Nxe5 14.Nxc7 Ra7 15.Nd5 Rd8
16.Rd1 b5 17.Nf6+  1-0

[Event "Dutch Open"]
[Site "Dieren NED"]
[Date "2006.07.25"]
[Round "1"]
[White "Op den Kelder,J"]
[Black "Tiviakov,S"]
[Result "0-1"]
[WhiteElo "2217"]
[BlackElo "2668"]

1.e4 d5 2.exd5 Qxd5 3.Nc3 Qd6 4.d4 Nf6 5.Nf3 a6 6.Be2 Nbd7 7.O-O g6 8.Re1 Bg7
9.Bg5 O-O 10.Qd2 b5 11.Bf4 Qb6 12.Ne5 Bb7 13.Qe3 Rad8 14.Rad1 b4 15.Nc4 Qa7
16.Nb1 Nd5 17.Qd2 c5 18.c3 cxd4 19.cxd4 Nxf4 20.Qxf4 Nb6 21.Ne5 Rd6 22.Nd2 Qa8
23.Bf3 Bxf3 24.Ndxf3 a5 25.Ng4 Nd5 26.Nh6+ Kh8 27.Qh4 f6 28.Ng4 Rfd8 29.Qg3 a4
30.h4 a3 31.bxa3 Qxa3 32.Rd2 R6d7 33.h5 gxh5 34.Ne3 Bh6 35.Nc4 Qc3  0-1

[Event "Czech Open A"]
[Site "Pardubice CZE"]
[Date "2006.07.25"]
[Round "5"]
[White "Biolek,R2"]
[Black "Sponheim,O"]
[Result "1/2-1/2"]
[WhiteElo "2440"]
[BlackElo "2257"]

1.e4 d5 2.exd5 Qxd5 3.Nc3 Qd6 4.d4 Nf6 5.Nge2 Bg4 6.Bf4 Qxf4 7.Nxf4 Bxd1
8.Rxd1 e6 9.g3 c6 10.Nd3 Na6 11.a3 Rd8 12.Ne5 Nc7 13.Bg2 Bd6 14.Ke2 Ncd5
15.Ne4 Nxe4 16.Bxe4 Bxe5 17.dxe5 Ke7 18.f4 g6 19.c4 Nb6 20.b3 h5 21.Ke3 Rxd1
22.Rxd1 Rd8 23.Rf1 a5 24.Rc1 Kd7 25.Rd1+ Kc7 26.Rxd8 Kxd8 27.Kd4 Kc7 28.h3 Nc8
29.g4 hxg4 30.hxg4 Ne7 31.Ke3 Kb6 32.b4 axb4 33.axb4 c5 34.b5 Kc7 35.Kf3 Nc8
36.Kg3 Nb6 37.Bd3 Kd8 38.Kh4 Ke7 39.Kg5 Nd7 40.Kh6 Kf8 41.Be2 Kg8 42.Bf1 Kf8
43.Bd3 Kg8 44.Be4 Nb6 45.Bd3 Nd7 46.Be2 Kf8 47.Bd3  1/2-1/2

[Event "32nd Open"]
[Site "Sitges ESP"]
[Date "2006.07.25"]
[Round "5"]
[White "Ramaswamy,A"]
[Black "Cruz,F"]
[Result "1/2-1/2"]
[WhiteElo "2216"]
[BlackElo "2397"]

1.e4 d5 2.exd5 Qxd5 3.Nc3 Qd6 4.Nf3 a6 5.h3 Nf6 6.d4 e6 7.Bd3 Nbd7 8.Ne4 Nxe4
9.Bxe4 c5 10.c3 Nf6  1/2-1/2

[Event "Politiken Cup"]
[Site "Copenhagen DEN"]
[Date "2006.07.27"]
[Round "6"]
[White "Olsen,Aa"]
[Black "Hernandez Castro,J"]
[Result "1-0"]
[WhiteElo "2121"]
[BlackElo "1916"]

1.e4 d5 2.exd5 Qxd5 3.Nc3 Qd6 4.d4 Nf6 5.Nf3 a6 6.Bd3 Bg4 7.h3 Bh5 8.Be3 Nc6
9.g4 Bg6 10.Qd2 Bxd3 11.Qxd3 e6 12.a3 O-O-O 13.O-O-O h6 14.Kb1 Be7 15.Nd2 Nd5
16.Na4 Nxe3 17.fxe3 Nb8 18.Nc4 Qc6 19.Nc3 Nd7 20.Qe2 Bf6 21.Rhf1 Nb6 22.Na5 Qe8
23.Qf3 Nd5 24.Ne4 Qb5 25.Nb3 Rhe8 26.Nbd2 Qb6 27.c4 Nxe3 28.Qxe3 Bxd4 29.Qb3 f6
30.Qxb6 cxb6 31.b4 Rd7 32.Kc2 Red8 33.Nf3 e5 34.Rd3 Kc7 35.Rfd1 Kc6 36.Nxd4+ Rxd4
37.Rxd4 exd4 38.Ng3 b5 39.c5 Kd5 40.Nf5 Kc4 41.Ne3+  1-0

[Event "Summer Cup"]
[Site "Litohoro GRE"]
[Date "2006.07.27"]
[Round "6"]
[White "Exizoglou,D"]
[Black "Kulicov,O"]
[Result "1/2-1/2"]
[WhiteElo "2187"]
[BlackElo "2402"]

1.e4 d5 2.exd5 Qxd5 3.Nc3 Qd6 4.d4 Nf6 5.Nf3 a6 6.Be3 Nc6 7.Qd2 Bf5 8.Bd3 Bxd3
9.Qxd3 Nb4 10.Qe2 Nbd5 11.Nxd5 Nxd5 12.O-O e6 13.Bd2 Be7 14.c4 Nf6 15.Rfe1 c6
16.Rad1 O-O 17.Bg5 Rfe8 18.b3 a5 19.d5 cxd5 20.Bxf6 Bxf6 21.cxd5 Qb4 22.Qe4 Bc3
23.Re3 Qxe4 24.Rxe4 Red8 25.Rc4 Bb4 26.Rcd4 exd5 27.Rxd5 Rxd5 28.Rxd5 Rc8
29.g3 h6 30.a3 Rc1+ 31.Kg2 Bc5 32.Ne5 Rc3 33.b4 axb4 34.axb4 Bxb4 35.Rd8+ Kh7
36.Nxf7 Rc7 37.Ne5 Bc3 38.f4 Bxe5 39.fxe5 Kg6 40.Rd5 Kf5 41.Rb5 Ke4 42.h4 Re7
43.h5 Rf7 44.Kh3 Kf5 45.Kh4 Re7 46.g4+ Ke6 47.g5 Kf5 48.gxh6 gxh6 49.Rb6 Rxe5  1/2-1/2

[Event "Czech Open A"]
[Site "Pardubice CZE"]
[Date "2006.07.27"]
[Round "7"]
[White "Bulski,K"]
[Black "Sponheim,O"]
[Result "0-1"]
[WhiteElo "2409"]
[BlackElo "2257"]

1.e4 d5 2.exd5 Qxd5 3.Nc3 Qd6 4.d4 Nf6 5.Nf3 a6 6.g3 Bg4 7.Bg2 Nc6 8.O-O O-O-O
9.d5 Ne5 10.Bf4 Nxf3+ 11.Bxf3 Bxf3 12.Qxf3 e5 13.Bg5 h6 14.Bxf6 Qxf6 15.Qe3 Kb8
16.Rfe1 Bb4 17.Ne4 Qe7 18.c3 Ba5 19.Rad1 Bb6 20.Qf3 Rhf8 21.Qf5 f6 22.c4 Bd4
23.Rd3 Qb4 24.Nd2 Qxb2 25.Rb1 Qxa2 26.Rbb3 Rd6 27.c5 g6 28.Qf3 Bxc5 29.Ne4 Qa5
30.Nxd6 Qe1+ 31.Kg2 cxd6 32.Rd1 Qa5 33.Rdb1 Rf7 34.Qg4 Qd2 35.Rf3 Qxd5 36.Qxg6 Ka7
37.g4 e4 38.Rf5 Qa2 39.Ra1 Qxa1 40.Qxf7 Qd1 41.h3 e3 42.fxe3 Qe2+ 43.Kh1 Qxe3
44.Kg2 Qg1+ 45.Kf3 Qf2+ 46.Ke4 Qe3+ 47.Kd5 Qb3+  0-1

[Event "Czech Open A"]
[Site "Pardubice CZE"]
[Date "2006.07.28"]
[Round "8"]
[White "Novikov,St"]
[Black "Heberla,B"]
[Result "1-0"]
[WhiteElo "2513"]
[BlackElo "2551"]

1.e4 d5 2.exd5 Qxd5 3.Nc3 Qd6 4.d4 Nf6 5.Nf3 Bg4 6.h3 Bh5 7.Bc4 Nbd7 8.Qe2 Bxf3
9.Qxf3 c6 10.Be3 e6 11.Bb3 Qc7 12.g4 Bb4 13.a3 Bxc3+ 14.bxc3 O-O 15.Bf4 e5
16.Bg3 Qa5 17.O-O e4 18.Qe3 Nd5 19.Qxe4 N7f6 20.Qf5 Qxc3 21.Rad1 g6 22.Qd3 Rfe8
23.Be5 Nd7 24.Bd6 N7f6 25.Be5 Nd7 26.Qxc3 Nxc3 27.Rd3 Nd5 28.Bg3 Re4 29.Rb1 Nf4
30.f3 Ne2+ 31.Kf2 Nxg3 32.fxe4 Nxe4+ 33.Kg2 Nd6 34.Re1 Kf8 35.c4 Re8 36.Rxe8+ Nxe8
37.c5 Nc7 38.Rf3 f6 39.a4 b6 40.cxb6 axb6 41.Rc3 c5 42.Rc1 Na6 43.Be6 Ke7
44.Bxd7 Kxd7 45.dxc5 Nxc5 46.a5 Kc7 47.h4 Kb7 48.axb6 Kxb6 49.Re1 Kc6 50.Re7 h5
51.gxh5 gxh5 52.Rh7 Nd3 53.Rh6 Kd6 54.Rxf6+ Ke5 55.Rf7 Nf4+ 56.Kf3 Ne6 57.Kg3 Nd4
58.Rh7 Nf5+ 59.Kh3 Kf6 60.Rxh5 Ng7 61.Ra5 Kg6 62.Kg4 Ne8 63.Ra6+ Nf6+ 64.Kf4 Kg7
65.Kf5 Nd5 66.Kg5 Kh8 67.Ra8+ Kh7 68.Ra7+ Kg8 69.h5 Kh8 70.h6 Kg8 71.h7+ Kh8
72.Kh6 Nb6 73.Rg7  1-0

[Event "Czech Open A"]
[Site "Pardubice CZE"]
[Date "2006.07.28"]
[Round "8"]
[White "Stellwagen,R"]
[Black "Kantorik,M"]
[Result "1/2-1/2"]
[WhiteElo "2208"]
[BlackElo "2330"]

1.e4 d5 2.exd5 Qxd5 3.Nc3 Qd6 4.d4 Nf6 5.Nf3 Bg4 6.h3 Bh5 7.g4 Bg6 8.Ne5 Qb6
9.Nc4 Qe6+ 10.Ne5 Qb6 11.Bg2 e6 12.Nc4 Qa6 13.Qe2 Bb4 14.Bd2 Nc6 15.Nd6+ Kd7
16.Qxa6 bxa6 17.Nc4 Bxc2 18.Bxc6+ Kxc6 19.Ne5+ Kb7 20.Nxf7 Rhf8 21.Ne5 h6
22.Rc1 Bh7 23.O-O Rad8 24.Be3 Nd5 25.Nxd5 Rxd5 26.Nc6 Bd6 27.f4 Be4 28.b4 h5
29.g5 Rb5 30.a4 Rbf5 31.Ne5 Bxb4 32.Rc4 Bd6 33.Rfc1 Ka8 34.Rxc7 Bxc7 35.Rxc7 Rb8
36.d5 Rb1+ 37.Kf2 Bxd5 38.Rxa7+ Kb8 39.Rxg7 Rb2+ 40.Kf1 Rh2 41.Rh7 Rxh3 42.Ke2 Be4
43.Rh8+ Kc7 44.Rh7+ Kc8 45.Rh8+  1/2-1/2

[Event "10th Battle of Senta 1697 Open"]
[Site "Senta SCG"]
[Date "2006.07.28"]
[Round "9"]
[White "Kolbert,E"]
[Black "Nesic,D"]
[Result "1-0"]
[WhiteElo "2158"]
[BlackElo "2095"]

1.e4 d5 2.exd5 Qxd5 3.Nc3 Qd8 4.d4 c6 5.Bc4 Bf5 6.Nf3 e6 7.O-O Nf6 8.Ne5 Bd6
9.Qe2 O-O 10.Bb3 Qc7 11.f4 Nbd7 12.Be3 Nb6 13.g4 Bg6 14.h4 h5 15.f5 Bxe5
16.dxe5 Qxe5 17.Bxb6 Qg3+ 18.Qg2 Qxg2+ 19.Kxg2 axb6 20.fxg6 Nxg4 21.Rxf7  1-0

[Event "Summer Cup"]
[Site "Litohoro GRE"]
[Date "2006.07.29"]
[Round "8"]
[White "Sigalas,F"]
[Black "Kulicov,O"]
[Result "1/2-1/2"]
[WhiteElo "2199"]
[BlackElo "2402"]

1.e4 d5 2.exd5 Qxd5 3.Nc3 Qd6 4.d4 Nf6 5.Nf3 c6 6.Ne5 Nbd7 7.Nc4 Qc7 8.Qf3 Nb6
9.Bf4 Qd8 10.Be5 Bg4 11.Qg3 h5 12.h3 h4 13.Qf4 Be6 14.Ne3 Nfd5 15.Nexd5 Nxd5
16.Qd2 Bf5 17.Bc4 e6 18.Nxd5 exd5 19.Bd3 Bxd3 20.Qxd3 f6 21.Qg6+ Ke7 22.Bh2 Qe8
23.Qg4 Kf7+ 24.Kd2 Qe4 25.Rae1 Qxg4 26.hxg4 c5 27.dxc5 Bxc5 28.Bg1 Rac8 29.Rh3 Bd4
30.Rd3 Be5 31.f3 h3 32.gxh3 Rxh3 33.c3 a6 34.Re2 b5 35.Rxd5 Rxf3 36.Bd4 Ke6
37.Rdxe5+ fxe5 38.Rxe5+ Kf7 39.Rd5 Re8 40.Rd6 Rh8 41.Ke2 Rg3 42.Kf2 Rxg4
43.Rxa6 Rh2+ 44.Kf3 Rgg2 45.a4 bxa4 46.Rxa4 g5 47.Ra7+ Kg6 48.Rg7+ Kh6 49.b4 Rb2
50.Rg8 Kh5 51.Rh8+ Kg6 52.Rg8+ Kf5 53.Rf8+ Kg6 54.Rg8+ Kf5 55.Rf8+ Kg6  1/2-1/2

[Event "Czech Open A"]
[Site "Pardubice CZE"]
[Date "2006.07.29"]
[Round "9"]
[White "Solovjov,S"]
[Black "Onoprienko,V"]
[Result "1-0"]
[WhiteElo "2434"]
[BlackElo "2348"]

1.e4 d5 2.exd5 Qxd5 3.Nc3 Qd6 4.d4 Nf6 5.Nf3 a6 6.g3 g6 7.Bf4 Qd8 8.Qd2 Bg7
9.Bg2 O-O 10.O-O-O Nd5 11.Ne5 Nxf4 12.Qxf4 Qd6 13.Ne4 Qe6 14.Kb1 Bxe5 15.Qxe5 Qxe5
16.dxe5 Nc6 17.Nc5 Nxe5 18.Rde1 Nc4 19.Rxe7 c6 20.b3 Nd6 21.Rd1 Nf5 22.Rc7 Ng7
23.a4 a5 24.Re1 Re8 25.Rd1 Rf8 26.Bf1 Ne8 27.Re7 Nf6 28.Bc4 b6 29.Rd6 Kg7
30.Nd3 Bf5 31.Rxc6 Rae8 32.Rxe8 Rxe8 33.f3 Nd7 34.Rd6 h5 35.Bb5 Re7 36.Kb2 Nc5
37.Nxc5 bxc5 38.Rc6 Re3 39.f4 h4 40.gxh4 Rh3 41.Rxc5 Rxh4 42.b4 axb4 43.a5 Rh3
44.a6 Ra3 45.c3  1-0

[Event "15th Open A"]
[Site "Vienna AUT"]
[Date "2006.07.29"]
[Round "1"]
[White "Pichler,A"]
[Black "Bawart,M"]
[Result "0-1"]
[WhiteElo "2072"]
[BlackElo "2334"]

1.e4 d5 2.exd5 Qxd5 3.Nc3 Qd6 4.d4 Nf6 5.g3 Bg4 6.Qd3 Nc6 7.Nb5 Qd7 8.c3 a6
9.Na3 O-O-O 10.f3 Bf5 11.Qxf5 Qxf5 12.Bh3 Qxh3 13.Nxh3 e5 14.Nc2 exd4 15.cxd4 Nxd4
16.Nxd4 Bb4+ 17.Kf2 Bc5 18.Kg2 Bxd4 19.Ng5 Bxb2 20.Bxb2 Rd2+ 21.Kh3 Rxb2
22.Nxf7 Re8 23.Rhb1 Rxb1 24.Rxb1 Re7 25.Nh8 c5 26.g4 Kc7 27.g5 Nd5 28.Rd1 Kc6
29.Kg3 g6 30.h4 c4 31.f4 b5 32.h5 Re3+ 33.Kf2 Re8 34.Nf7 Nxf4 35.hxg6 hxg6
36.Rd6+ Kc5 37.Rxa6 c3 38.Nd6 Re2+ 39.Kf3 c2 40.Nb7+ Kd4 41.Rc6 Re3+ 42.Kxf4 Rc3
43.Rd6+ Kc4 44.Rc6+ Kb4 45.a3+ Kb3 46.Nc5+ Kb2  0-1

[Event "Politiken Cup"]
[Site "Copenhagen DEN"]
[Date "2006.07.30"]
[Round "9"]
[White "Lauritsen,M"]
[Black "Zachariassen,J"]
[Result "1/2-1/2"]
[WhiteElo "2080"]
[BlackElo "1831"]

1.e4 d5 2.exd5 Qxd5 3.Nc3 Qd6 4.Bc4 Bf5 5.d4 Nc6 6.Nge2 a6 7.Bf4 Qd7 8.Nd5 Rc8
9.Ne3 Bg6 10.O-O e6 11.d5 exd5 12.Nxd5 Bd6 13.Bxd6 Qxd6 14.Nd4 Nge7 15.Nxc6 Nxc6
16.Re1+ Kf8 17.Qg4 Rd8 18.Ne3 h5 19.Qh4 Qe7 20.Qh3 Kg8 21.Bb3 Qc5 22.Nc4 b5
23.Qe3 Qxe3 24.Nxe3 Kh7 25.a4 Nd4 26.axb5 axb5 27.Ra7 Nxb3 28.cxb3 Rd2 29.Ra2 Re8
30.Rc1 c6 31.Nf1 Rc2 32.Rxc2 Bxc2 33.Ne3 Bxb3 34.Ra6 Rc8 35.Kf1 c5 36.Rb6 b4
37.Ke1 Ra8 38.Rb5 Ra2 39.Rxc5 Rxb2 40.Rxh5+ Kg8 41.Rb5 Be6 42.Nd1 Rb1 43.Kd2 b3
44.f4 g6 45.Ne3 Rb2+ 46.Kc3 Re2 47.Kd3 Rb2 48.h4 Rb1 49.g4 Rh1 50.h5 b2 51.Rxb2 gxh5
52.f5 Bd7 53.Rb7 Bc6 54.Rb6 Bf3 55.g5 Rg1 56.g6 fxg6 57.fxg6 Rg5 58.Nc4 Bg4
59.Ke3 Kg7 60.Kf4 Rxg6 61.Rb7+ Kh6 62.Ne5 Rf6+ 63.Kg3 Ra6 64.Nxg4+ hxg4 65.Kxg4 Ra4+
66.Kf5 Ra5+ 67.Ke4 Kg6 68.Kf4 Kf6 69.Rb6+ Kf7 70.Ke4 Ke7 71.Kd4 Rh5 72.Ra6 Kd7
73.Ke4 Kc7 74.Kf4 Kb7 75.Ra1 Rb5 76.Ke4 Kb6 77.Kd4 Rh5 78.Rc1  1/2-1/2

[Event "Politiken Cup"]
[Site "Copenhagen DEN"]
[Date "2006.07.30"]
[Round "9"]
[White "Rutherford,E"]
[Black "Skovgaard,T"]
[Result "1-0"]
[WhiteElo "2093"]
[BlackElo "2004"]

1.e4 d5 2.exd5 Qxd5 3.Nc3 Qd6 4.Nf3 a6 5.d4 Nc6 6.Be2 Bg4 7.Be3 e6 8.h3 Bxf3
9.Bxf3 Nf6 10.d5 exd5 11.Nxd5 Nxd5 12.Qxd5 Qxd5 13.Bxd5 Nd8 14.O-O-O Bd6
15.Rhe1 O-O 16.Bg5 Nc6 17.Bxc6 bxc6 18.Be7 Bf4+ 19.Kb1 Rfe8 20.b3 Rac8 21.Rd7 Bd6
22.Kb2 a5 23.a4 Rb8 24.Re4 h6 25.Kc3 Rbc8 26.Kc4 Rb8 27.Kc3 Rbc8 28.Kd4 Bxe7
29.Rexe7 Rxe7 30.Rxe7 Kf8 31.Re5 Ra8 32.Kc5 Ra6 33.f4 g6 34.g4 Rb6 35.Kd4 Ra6
36.Ke4 f6 37.Rc5 Ke7 38.f5 g5 39.Kd4 Kd7 40.Rc3 h5 41.gxh5 Ra8 42.Kc5 Rh8
43.Rd3+ Ke7 44.Kxc6 Rxh5 45.Kxc7 Rh4 46.c4 Rf4 47.c5 Rxf5 48.c6 Rc5 49.Kb7 f5
50.c7 f4 51.c8=Q Rxc8 52.Kxc8 Ke6 53.Rc3 Kd5 54.Kd7 Kd4 55.Rc8 f3 56.Ke6 f2
57.Rc1 Ke4 58.Kf6 Kf4 59.Rf1 Kg3 60.Kxg5  1-0

[Event "Summer Cup"]
[Site "Litohoro GRE"]
[Date "2006.07.30"]
[Round "9"]
[White "Georgiadis,I"]
[Black "Tzermiadianos,And"]
[Result "0-1"]
[WhiteElo "2312"]
[BlackElo "2462"]

1.e4 d5 2.exd5 Qxd5 3.Nc3 Qd6 4.d4 Nf6 5.Nf3 a6 6.g3 Bg4 7.Bg2 Nc6 8.O-O e6
9.Bf4 Qb4 10.a3 Qb6 11.d5 O-O-O 12.Be3 Qxb2 13.Rb1 Qxc3 14.dxc6 Qxc6 15.Qe2 e5
16.h3 Bxf3 17.Bxf3 e4 18.Bg2 Bxa3 19.Rb3 Bc5 20.Bxc5 Qxc5 21.Rfb1 b5 22.h4 c6
23.c4 Rd3 24.Rxd3 exd3 25.Qxd3 Rd8 26.Qc3 Rd4 27.Qa5 Rxc4 28.Qxa6+ Kc7 29.Qa5+ Qb6
30.Qe1 Nd7 31.Rd1 Rd4 32.Rc1 Rd6 33.Qe7 Qd4 34.Qxf7 Rf6 35.Qxg7 Qxf2+ 36.Kh2 Rg6
37.Qc3 b4 38.Qb3 Ne5 39.Rf1 Qd2 40.Rf5 Ng4+ 41.Kh3 Ne3 42.Rf7+ Kb6 43.Be4 Qe1
44.Rf2 Rg4 45.Qe6 Rxe4 46.Qxe4 Qxf2 47.Qxb4+ Ka6 48.Qa4+ Kb7 49.Qb4+ Kc8
50.Qe4 Qf5+ 51.Qxf5+ Nxf5 52.g4 Nxh4 53.Kxh4 Kd7 54.Kg5 Ke6  0-1

[Event "15th Open A"]
[Site "Vienna AUT"]
[Date "2006.07.30"]
[Round "2"]
[White "Loeffler,S"]
[Black "Kreindl,H"]
[Result "0-1"]
[WhiteElo "2463"]
[BlackElo "2200"]

1.e4 d5 2.exd5 Qxd5 3.Nc3 Qd6 4.d4 Nf6 5.h3 c6 6.Nf3 Bf5 7.Ne5 Nbd7 8.Nc4 Qc7
9.Qf3 e6 10.Bf4 Qd8 11.O-O-O Nb6 12.g4 Bg6 13.h4 h5 14.g5 Nfd5 15.Ne5 Bf5
16.g6 fxg6 17.Bg5 Be7 18.Bxe7 Qxe7 19.Ne4 Nd7 20.Nxd7 Qxd7 21.Nc5 Qc7 22.Bh3 O-O
23.Nxe6 Bxe6 24.Bxe6+ Kh7 25.Qg3 Nf4 26.Bc4 b5 27.Bd3 Nxd3+ 28.Rxd3 Qf4+
29.Rd2 Rad8 30.c3 Qe4 31.Rg1 Rf3 32.Qc7 Rdf8 33.Rf1 R8f7 34.Qd6 R7f6 35.Qb8 Qxh4
36.d5 Qc4 37.Re1 Rxf2 38.Re8 Rf1+ 39.Kc2 Qa4+ 40.b3 Qxa2+ 41.Kd3 R1f3+ 42.Ke4 Qb1+
43.Kd4 Qg1+  0-1

[Event "VIII Open"]
[Site "Sants ESP"]
[Date "2006.08.01"]
[Round "8"]
[White "Pitl,G"]
[Black "Jane Basora,J"]
[Result "1-0"]
[WhiteElo "2380"]
[BlackElo "1885"]

1.e4 d5 2.exd5 Qxd5 3.Nc3 Qd6 4.d4 Nf6 5.Nf3 a6 6.g3 b5 7.Bg2 Bb7 8.O-O e6
9.Ne5 Bxg2 10.Kxg2 Nbd7 11.Qf3 Rc8 12.Bf4 Qb6 13.d5 Nxe5 14.Bxe5 Be7 15.dxe6 fxe6
16.Rfe1 O-O 17.Bf4 Rce8 18.a4 Bd6 19.axb5 axb5 20.Be3 Bc5 21.Ne4 Nd7 22.Bxc5 Nxc5
23.Qe3 Nd7 24.Ra7 Re7 25.Qxb6 Nxb6 26.Nc5 Kf7 27.Nxe6 Rfe8 28.Ng5+ Kg6 29.Rxe7 Rxe7
30.Nf3 Nc8 31.Ra6+ Nd6 32.Nd4 Kf7 33.Ra5 Re5 34.Ra3 g5 35.Rc3 c5 36.Nf3 Rd5
37.g4 h6 38.Kf1 Ne4 39.Re3 Nd2+ 40.Nxd2 Rxd2 41.Re2 Rd4 42.f3 Rb4 43.c3 Rb3
44.Kf2 c4 45.Ke3 b4 46.Kd4 bxc3 47.bxc3 Rb1 48.Rf2 Kf6 49.Kxc4 Ke5 50.Rd2 Rh1
51.Kb5 Kf4 52.Rd3 Rxh2 53.c4 Rb2+ 54.Kc6 Rf2 55.Kd5 Rxf3 56.Rxf3+ Kxf3 57.c5 Kxg4
58.c6 h5 59.c7 h4 60.c8=Q+ Kg3 61.Qc1 g4 62.Qh1 h3 63.Ke4 h2 64.Ke3 Kh3 65.Kf4 g3
66.Kf3  1-0

[Event "MTO Open"]
[Site "Biel SUI"]
[Date "2006.08.02"]
[Round "9"]
[White "Klovans,J"]
[Black "Bauer,Ch"]
[Result "0-1"]
[WhiteElo "2433"]
[BlackElo "2599"]

1.e4 d5 2.exd5 Qxd5 3.Nc3 Qd6 4.d4 Nf6 5.Nf3 a6 6.Be2 Nc6 7.Be3 Bf5 8.a3 e6
9.O-O Be7 10.Qd2 O-O 11.Rad1 Rfd8 12.Qc1 h6 13.Rfe1 Ne4 14.Bf4 Qd7 15.Nxe4 Bxe4
16.c3 b5 17.Nd2 Bd5 18.Bd3 Bd6 19.Ne4 f5 20.Nc5 Qf7 21.b4 Ne7 22.Bf1 Ng6
23.Nd3 Bb3 24.Bxd6 cxd6 25.Rd2 Rac8 26.Qb2 Bd5 27.Kh1 Rc6 28.Rc1 Rdc8 29.f3 Bc4
30.Rdd1 Ne7 31.Nf4 g5 32.Bxc4 Rxc4 33.Ne2 Nd5 34.Qd2 Kg7 35.Qe1 f4 36.Kg1 Qf5
37.Qd2 R4c7 38.Re1 Nb6 39.Kh1 Nc4 40.Qa2 Qd5 41.Ra1 Nb6 42.Qd2 Qf5 43.Rac1 a5
44.bxa5 Nc4 45.Qa2 Ra8 46.Qb3 Rxa5 47.Ra1 Rca7 48.d5 e5 49.Ra2 Qf7 50.Rd1 Qb7
51.Qb1 Ne3 52.Re1 Qxd5 53.Ng3 Qf7 54.Ne4 Nc4 55.Qd3 d5 56.Nd2 Rxa3 57.Rxa3 Rxa3
58.h3 Ra7 59.Qe2 Ra2 60.Rd1 Qf5 61.Qe1 Qc2 62.Kh2 Ne3  0-1

[Event "Inline Czechia Cup"]
[Site "Olomouc CZE"]
[Date "2006.08.04"]
[Round "3"]
[White "Swicarz,M"]
[Black "Ptacnikova,L"]
[Result "1/2-1/2"]
[WhiteElo "2268"]
[BlackElo "2193"]

1.e4 d5 2.exd5 Qxd5 3.Nc3 Qd6 4.d4 Nf6 5.Nge2 c6 6.Bf4 Qb4 7.a3 Qa5 8.Ng3 e6
9.Be2 Be7 10.O-O O-O 11.Qd3 Nbd7 12.Rae1 Nd5 13.Bd2 Nxc3 14.Bxc3 Qc7 15.Bd1 Nf6
16.Bb4 Bxb4 17.axb4 Qb6 18.c3 Qb5 19.Qc2 a5 20.Re5 Qb6 21.Qa4 Nd5 22.Be2 f6
23.Re4 Nc7 24.Qc2 axb4 25.Rh4 f5 26.c4 Ne8 27.c5 Qd8 28.Rf4 g5 29.Rf3 Qxd4
30.Rd1 Qe5 31.Bc4 Kg7 32.Bb3 Ra5 33.Rc1 Kg6 34.Re3 Qf6 35.Qe2 Ng7 36.Re5 b6
37.h3 Ba6 38.Qe3 bxc5 39.Re1 Bc8 40.Nf1 Rd8 41.Nd2 Rd5 42.Bxd5 exd5 43.Nb3 Ra2
44.Nxc5 Rxb2 45.Re8 f4 46.Qe7 Qxe7 47.R8xe7 Rc2 48.Nd3 b3 49.Ne5+ Kh6 50.Nf7+ Kg6
51.Nh8+ Kh6 52.Nf7+ Kg6 53.Nh8+ Kh6 54.Nf7+  1/2-1/2